[Event "Agosto de Victorias op"]
[Site "Mayabeque"]
[Date "2018.08.07"]
[Round "7"]
[White "Gil Hernandez, Sebastian"]
[Black "Garcia Fernandez, Erika Alejandra"]
[Result "1/2-1/2"]
[WhiteElo "1601"]
[BlackElo "1720"]
[PlyCount "31"]
[EventDate "2018.08.04"]
[EventType "swiss"]
[EventRounds "9"]
[EventCountry "CUB"]
[SourceTitle "EXT 2021"]
[Source "ChessBase"]
[SourceDate "2020.10.23"]
[SourceVersion "1"]
[SourceVersionDate "2020.10.23"]
[SourceQuality "1"]

1. e4 c5 2. Nf3 d6 3. Bc4 Nf6 4. d3 Bg4 5. Nbd2 Nc6 6. h3 Bh5 7. Bb3 Nd4 8. c3 Nxb3 9. Qxb3 Qb6 10. Qxb6 axb6 11. g4 Bg6 12. Nh4 e6 13. Nxg6 hxg6 14. g5 Nd7 15. Nf3 f6 16. h4 1/2-1/2

[Event "Agosto de Victorias op"]
[Site "Mayabeque"]
[Date "2018.08.05"]
[Round "4"]
[White "Garcia Fernandez, Erika Alejandra"]
[Black "Perez Draguich, Jorge Luis"]
[Result "1/2-1/2"]
[WhiteElo "1720"]
[BlackElo "1945"]
[PlyCount "56"]
[EventDate "2018.08.04"]
[EventType "swiss"]
[EventRounds "9"]
[EventCountry "CUB"]
[SourceTitle "EXT 2021"]
[Source "ChessBase"]
[SourceDate "2020.10.23"]
[SourceVersion "1"]
[SourceVersionDate "2020.10.23"]
[SourceQuality "1"]

1. e4 c6 2. d4 g6 3. Nc3 Bg7 4. f4 d5 5. e5 Bf5 6. g4 Bd7 7. Bd3 Qc8 8. Be2 b5 9. Be3 Na6 10. h3 Nc7 11. Rh2 a5 12. Rf2 f5 13. exf6 exf6 14. Bd3 Qb7 15. Qd2 0-0-0 16. 0-0-0 Nh6 17. Nf3 Nf7 18. Re2 Nd6 19. Bf2 Rhe8 20. Rde1 Bf8 21. Bh4 Bg7 22. Re7 Rxe7 23. Rxe7 Nce8 24. b3 Qb6 25. Bg3 Nb7 26. f5 g5 27. h4 h6 28. hxg5 hxg5 1/2-1/2